00318nam a2200121Ia 4500008004100000020001900041082001500060100001900075245002600094260004700120300001400167600001500181250611s9999 xx 000 0 und d a978-0521108485 a892.71 ARB aArberry, A. J. 0aPoems of Al-Mutanabbi aLondon:bCambridge University Press,c1967 axi, 154p. aLiterature